[Event "IV Amitan Mem GM"]
[Site "Donetsk UKR"]
[Date "2011.12.10"]
[Round "4"]
[White "Baghdasaryan,V"]
[Black "Sivuk,V"]
[Result "0-1"]
[WhiteElo "2362"]
[BlackElo "2432"]

1.e4 c5 2.Ne2 Nc6 3.d4 cxd4 4.Nxd4 Qb6 5.Nb3 Nf6 6.Nc3 e6 7.Be3 Qc7 8.g3 Bb4
9.Bg2 d5 10.exd5 Nxd5 11.Bxd5 exd5 12.Qxd5 O-O 13.O-O Bxc3 14.bxc3 Bh3 15.Rfe1 Rad8
16.Qh5 Qc8 17.Nd4 Ne7 18.Ne2 Rd5 19.Qf3 Rf5 20.Qe4 Ng6 21.Nf4 Re8 22.Qa4 b5
23.Qxa7 Ne5 24.Nxh3 Nf3+ 25.Kf1 Qc4+ 26.Re2 Nxh2+ 27.Kg2 Qxe2 28.Kxh2 Rh5
29.Kg2 Qxc2 30.Qd4 h6 31.Nf4 Rhe5 32.Qd2 Qe4+ 33.Kg1 Qf3 34.Bd4 Re4 35.Ng2 Rd8
36.Rb1 Qf5 37.Qd3 Rde8 38.Ne3 Qg6 39.Qxb5 h5 40.Kg2 h4 41.Qf5 Qc6 42.Rb6 Qa8
43.Qd5 hxg3 44.Rb7 R4e6 45.Qf3 Rf8 46.Kxg3 Rg6+ 47.Kh2 Rh6+ 48.Kg2 Rg6+ 49.Kh2 Rh6+
50.Kg3 Rg6+ 51.Kh3 Rh6+ 52.Kg2 Rg6+ 53.Kf1 Qxa2 54.c4 Qd2 55.Qd5 Qd3+  0-1

[Event "2nd JAHV McGregor Open"]
[Site "Bogota COL"]
[Date "2011.12.11"]
[Round "9"]
[White "Castrillon Gomez,M"]
[Black "Mosquera,M"]
[Result "0-1"]
[WhiteElo "2210"]
[BlackElo "2396"]

1.e4 c5 2.Nf3 Nc6 3.d4 cxd4 4.Nxd4 Qc7 5.Be3 Nf6 6.Nc3 e6 7.Bd3 a6 8.O-O Bd6
9.h3 Bh2+ 10.Kh1 Bf4 11.Bxf4 Qxf4 12.Nce2 Qc7 13.f4 b5 14.Nxc6 Qxc6 15.Nd4 Qb6
16.c3 Bb7 17.Qe2 d6 18.e5 dxe5 19.fxe5 Nd5 20.Qf2 O-O 21.Qh4 h6 22.Qe4 Nf6
23.Qh4 Nd5 24.Rf6 Nxf6 25.exf6 Qc5 26.fxg7 Kxg7 27.Qf2 Qh5 28.Be2 Qg6 29.Rf1 Rad8
30.Nf3 Bxf3 31.Bxf3 Rd6 32.Qe2 Qg5 33.Qe4 Rfd8 34.Qb7 R8d7 35.Qc8 Qg3 36.Kg1 Rd2
37.Qc6 Qd6 38.Qe4 f5 39.Qh4 Rxb2 40.Re1 Rxa2 41.Bh5 Qc5+  0-1

[Event "TCh-CZE Liga1 Vychod"]
[Site "Czech Rep CZE"]
[Date "2011.12.11"]
[Round "5"]
[White "Rojicek,V"]
[Black "Jurcik,Mari"]
[Result "1/2-1/2"]
[WhiteElo "2406"]
[BlackElo "2474"]

1.e4 c5 2.Nf3 Nc6 3.d4 cxd4 4.Nxd4 Qb6 5.Nb3 Nf6 6.Nc3 e6 7.Bd3 Be7 8.O-O d6
9.Kh1 Qc7 10.f4 b6 11.Qf3 Bb7 12.Qg3 g6 13.Nb5 Qd7 14.Bd2 a6 15.Nc3 Nb4 16.Rae1 Rc8  1/2-1/2

[Event "80th Anniversary Mollet IM"]
[Site "Mollet del Valles ESP"]
[Date "2011.12.11"]
[Round "8"]
[White "Morros Faura,R"]
[Black "Rojas Keim,L"]
[Result "0-1"]
[WhiteElo "2183"]
[BlackElo "2397"]

1.e4 c5 2.Nf3 Nc6 3.d4 cxd4 4.Nxd4 Qb6 5.Nb3 Nf6 6.Nc3 e6 7.a3 Qc7 8.g3 a6
9.Bg2 Be7 10.O-O O-O 11.Bf4 d6 12.Qe2 Ne5 13.Rad1 Nc4 14.Bc1 Nxa3 15.bxa3 Qxc3
16.Rd3 Qc7 17.g4 e5 18.g5 Nd7 19.f4 exf4 20.Bxf4 Ne5 21.Rg3 Qc4 22.Qh5 Be6
23.Nd2 Qxc2 24.Bh3 Ng6 25.Be3 d5 26.exd5 Bxh3 27.Rxh3 Ne5 28.Nf3 Nxf3+ 29.Qxf3 Bxa3
30.Rh4 Rae8 31.Bd4 Bc5 32.Rf4 Bxd4+ 33.Rxd4 Qc5 34.Rd1 Re1+ 35.Kg2 Rxd1 36.Rxd1 Qd6
37.h4 f6 38.Qg4 b5 39.g6 f5 40.gxh7+ Kxh7 41.Qf3 f4 42.Rc1 Rf5 43.Rc6 Qxd5
44.Qxd5 Rxd5 45.Rxa6 Rd3 46.Rb6 Rb3 47.h5 Rg3+ 48.Kf2 Rg5 49.Kf3 Rxh5 50.Kxf4 Rc5
51.Kg4 g6 52.Rb8 Kg7 53.Kf4 g5+ 54.Kg4 Kf6 55.Rb6+ Ke7 56.Rh6 Kd7 57.Rg6 Kc7
58.Kf3 b4 59.Rh6 b3 60.Rh1 b2 61.Rb1 Rb5  0-1

[Event "18th Zadar Open A"]
[Site "Zadar CRO"]
[Date "2011.12.13"]
[Round "4.16"]
[White "Kovacevic,A"]
[Black "Videnova,I"]
[Result "1-0"]
[WhiteElo "2563"]
[BlackElo "2297"]

1.e4 c5 2.Nf3 Nc6 3.d4 cxd4 4.Nxd4 Qb6 5.Nb3 Nf6 6.Nc3 e6 7.Qe2 Bb4 8.Bd2 O-O
9.a3 Be7 10.e5 Ne8 11.O-O-O d5 12.exd6 Nxd6 13.Bf4 Rd8 14.g4 Na5 15.Nxa5 Qxa5
16.Bg2 Bg5 17.Bxg5 Qxg5+ 18.Qd2 f6 19.Qxg5 fxg5 20.Ne4 Nf7 21.Rxd8+ Nxd8
22.Nxg5 h6 23.Rd1 Nf7 24.Nxf7 Kxf7 25.Rd8 Ke7 26.Rh8 Rb8 27.h4 Kd6 28.Kd2 Kc7
29.Rh7  1-0

[Event "XXII Cajacanarias Christmas"]
[Site "Santa Cruz de Tenerife ESP"]
[Date "2011.12.23"]
[Round "6"]
[White "Cabrera Trujillo,J"]
[Black "Kurajica,B"]
[Result "0-1"]
[WhiteElo "2353"]
[BlackElo "2532"]

1.e4 c5 2.Nf3 Nc6 3.d4 cxd4 4.Nxd4 Qb6 5.Nb3 Nf6 6.Nc3 e6 7.Qe2 Bb4 8.Bd2 O-O
9.a3 Bxc3 10.Bxc3 e5 11.O-O-O d6 12.f3 Rd8 13.Qe1 a5 14.Nd2 Qc7 15.f4 Bg4
16.Nf3 Rac8 17.fxe5 dxe5 18.Rxd8+ Rxd8 19.Bb5 Bxf3 20.gxf3 Nd4 21.Be2 Nh5
22.Bd1 Nf4 23.Kb1 b6 24.Bd2 Qd6 25.Bc1 g6 26.Qe3 a4 27.c3 Nb3 28.Bc2 h5 29.Rg1 b5
30.h4 Kg7 31.Rg5 Nd3 32.Bxb3 axb3 33.Rg1 Nf4 34.Rf1 Ng2 35.Qh6+ Kg8 36.Rg1 Qd3+
37.Ka1 Qxf3 38.Qg5 Rd1  0-1

[Event "Schachtuerken-Cup"]
[Site "Paderborn GER"]
[Date "2011.12.27"]
[Round "2.3"]
[White "Dehmel,J"]
[Black "Skembris,S"]
[Result "0-1"]
[WhiteElo "2097"]
[BlackElo "2463"]

1.e4 c5 2.Nf3 Nc6 3.d4 cxd4 4.Nxd4 Qb6 5.Nb3 Nf6 6.Nc3 e6 7.Be3 Qc7 8.Qd2 a6
9.O-O-O b5 10.f3 Be7 11.Nd5 exd5 12.exd5 Nb4  0-1

[Event "XXII Cajacanarias Christmas"]
[Site "Santa Cruz de Tenerife ESP"]
[Date "2011.12.27"]
[Round "7"]
[White "Rodriguez Lapetra,Javier"]
[Black "Giraldo Orozco,William Arles"]
[Result "0-1"]
[WhiteElo "1418"]
[BlackElo "1712"]

1.e4 c5 2.Nf3 Nc6 3.d4 cxd4 4.Nxd4 Qb6 5.Nxc6 bxc6 6.Nc3 e6 7.a3 Nf6 8.Bg5 Bc5
9.Qf3 Ng8 10.Bc4 Be7 11.Be3 Qc7 12.Rd1 Qa5 13.O-O Nf6 14.Bd4 O-O 15.e5 Ne8
16.Be3 f5 17.Qh5 Qxe5 18.Bd4 Qc7 19.f4 Bf6 20.Bxf6 Nxf6 21.Qxf5 Ba6 22.Qd3 Bxc4
23.Qxc4 Ng4 24.h3 Ne3 25.Qd3 Nxd1 26.Qxd1 Rad8 27.Qd3 Rxf4 28.Rxf4 Qxf4 29.Qf3 Qd4+
30.Qf2 c5 31.Qxd4 cxd4 32.Nb5 Rb8 33.a4 a6 34.Nxd4 Rxb2 35.Nb3 Rxc2 36.Kf1 Rc3  0-1

[Event "20th Aschacher Donau"]
[Site "Aschach AUT"]
[Date "2011.12.31"]
[Round "7"]
[White "Wertjanz,Dav"]
[Black "Boskovic,D"]
[Result "0-1"]
[WhiteElo "2235"]
[BlackElo "2421"]

1.e4 c5 2.Nf3 Nc6 3.d4 cxd4 4.Nxd4 Qc7 5.Nb5 Qb8 6.c4 Nf6 7.N5c3 e6 8.Be2 b6
9.O-O Bb7 10.Be3 Bc5 11.Qd2 O-O 12.Bg5 Qe5 13.Bd3 Ng4 14.Bf4 Qf6 15.h3 Nge5
16.Be2 Nd4 17.Bg3 g5 18.Kh1 Ng6 19.Qd3 Nf4 20.Bxf4 Qxf4 21.Nd2 Bd6 22.g3 Qf6
23.Nf3 Nxe2 24.Qxe2 Bb4 25.Rac1 Qg7 26.Kg1 f5 27.exf5 Rxf5 28.Nd2 Raf8 29.Nde4 d5
30.Nd2 Qf7 31.cxd5 exd5 32.f3 Re8 33.Qd1 Re3 34.Qa4 Bc5 35.Kg2 d4 36.Nce4 Re2+
37.Kg1 d3+ 38.Nxc5 bxc5 39.Ne4 d2 40.Nxd2 Rxd2 41.Qxa7 Qc7 42.f4 Qc6  0-1

[Event "Cracovia Open A"]
[Site "Krakow POL"]
[Date "2012.01.02"]
[Round "6.3"]
[White "Tomczak,J"]
[Black "Shishkin,Va UKR"]
[Result "1-0"]
[WhiteElo "2544"]
[BlackElo "2449"]

1.e4 c5 2.Nf3 Nc6 3.d4 cxd4 4.Nxd4 Qb6 5.Nb3 Nf6 6.Bd3 e6 7.O-O Be7 8.Be3 Qc7
9.f4 d6 10.Qf3 O-O 11.c3 d5 12.e5 Ne4 13.Bxe4 dxe4 14.Qxe4 b6 15.Qf3 Bb7
16.Qf2 f6 17.exf6 Rxf6 18.N1d2 Ne5 19.Qe2 Ng6 20.Nd4 Raf8 21.g3 e5 22.fxe5 Qxe5
23.Rxf6 Bxf6 24.Bf2 Bg5 25.Nc4 Qxe2 26.Nxe2 Ba6 27.b3 Bxc4 28.bxc4 Ne5 29.h4 Bf6
30.Rd1 Nxc4 31.Rd7 Rf7 32.Rd5 Rc7 33.g4 Kf7 34.g5 Be7 35.Kg2 h6 36.Kf3 hxg5
37.hxg5 Na5 38.Bd4 Nc6 39.Rf5+ Ke6 40.Ke4 Bd6 41.Be3 Re7 42.Nd4+ Kd7+ 43.Kd5 Rxe3
44.Nxc6 Rd3+ 45.Nd4 g6 46.Rf6 Be7 47.Rxg6 Rxc3 48.Nf5 Rc5+ 49.Ke4 Rc4+ 50.Kf3 Ba3
51.Rf6 Bb2 52.Rd6+ Kc7 53.Rd5 Rc6 54.Kg4 Rc4+ 55.Kh5 Rc5 56.Rd2 Bc3 57.Rf2 b5
58.g6 b4 59.Kh6 Kb6 60.Ng3 Rc4 61.Nh5 Rc6 62.Kg5 Rc5+ 63.Rf5 Bd2+ 64.Nf4 Bc3
65.Nd3 Rc4 66.Ne5 Rc7 67.Kf6 Rc6+ 68.Kf7 Rc7+ 69.Ke6 a5 70.Rg5 Rc8 71.g7 Bxe5
72.Kxe5 Rg8 73.Kf6 a4 74.Kf7 Ra8 75.g8=Q Rxg8 76.Kxg8  1-0

[Event "ch-AUS 2011-12"]
[Site "North Geelong AUS"]
[Date "2012.01.02"]
[Round "6.15"]
[White "Chen,Pengyu"]
[Black "Jordan,Wi"]
[Result "1/2-1/2"]
[WhiteElo "2094"]
[BlackElo "2267"]

1.e4 c5 2.Nf3 Nc6 3.d4 cxd4 4.Nxd4 Qc7 5.Nc3 e6 6.Be3 a6 7.Bd3 b5 8.O-O Bb7
9.Qe2 Rc8 10.a4 b4 11.Nb1 Nxd4 12.Bxd4 a5 13.Nd2 Nf6 14.e5 Qc6 15.f3 Nd5
16.Ne4 Nf4 17.Qe3 Nxd3 18.cxd3 Be7 19.Rfc1 Qd5 20.Rxc8+ Bxc8 21.f4 Bb7 22.Bc5 f5
23.Bxe7 fxe4 24.dxe4 Qxe4 25.Qxe4 Bxe4 26.Bd6 Kf7 27.Rc1 Bc6 28.Rc5 Ra8 29.Bc7 b3
30.Rxa5 Rxa5 31.Bxa5 Kg6 32.g4 h5 33.h3 Bxa4 34.Kf2 Bb5 35.Kg3 Be2 36.Kh4 hxg4  1/2-1/2

[Event "TCh-ISR 2011-12"]
[Site "Israel ISR"]
[Date "2012.01.06"]
[Round "5.6"]
[White "Zak,Uri2"]
[Black "Botvinnik,M ISR"]
[Result "0-1"]
[WhiteElo "2217"]
[BlackElo "2307"]

1.e4 c5 2.Nf3 Nc6 3.d4 cxd4 4.Nxd4 Qb6 5.Nb3 Nf6 6.Nc3 e6 7.Be3 Qc7 8.a3 Be7
9.f4 d6 10.Be2 a6 11.O-O O-O 12.Bf3 b5 13.Qd2 Re8 14.g4 Nd7 15.Qf2 Rb8 16.g5 Bf8
17.Nd4 Bb7 18.Nce2 Nxd4 19.Bxd4 e5 20.Bc3 d5 21.fxe5 Nxe5 22.exd5 Bc5 23.Nd4 Nxf3+
24.Qxf3 Qe5 25.Qxf7+ Kh8 26.Qf4 Qxd5  0-1

[Event "17th Bosnjaci Open"]
[Site "Bosnjaci CRO"]
[Date "2012.01.09"]
[Round "9.28"]
[White "Vlaicevic,Marko"]
[Black "Kitarovic,M"]
[Result "0-1"]
[WhiteElo "1689"]
[BlackElo "1982"]

1.e4 c5 2.Nf3 Nc6 3.d4 cxd4 4.Nxd4 Qb6 5.Nxc6 dxc6 6.Nc3 e5 7.Qh5 Qc7 8.Bc4 Nf6
9.Qg5 b5 10.Bd3 h6 11.Qh4 a6 12.O-O Be7 13.Bg5 O-O 14.Bd2 Bb7 15.Qg3 Kh8
16.f4 Nh5 17.Qf3 Nxf4 18.Bxf4 exf4 19.Qxf4 Bd6 20.Qh4 Rae8 21.Rf6 Bxh2+ 22.Kh1 Qg3
23.Rxh6+ gxh6 24.Qxh6+ Kg8 25.e5 Qg7 26.Qxh2 Rxe5 27.Ne4 Re6 28.Ng3 Rh6 29.Nh5 Qg5
30.g4 c5+ 31.Kg1 Qxg4+  0-1

[Event "TCh-CZE Liga1 Vychod"]
[Site "Czech Rep CZE"]
[Date "2012.01.15"]
[Round "6"]
[White "Navratil,Ji3"]
[Black "Obsivac,J"]
[Result "1/2-1/2"]
[WhiteElo "2047"]
[BlackElo "2274"]

1.e4 c5 2.Nf3 Nc6 3.d4 cxd4 4.Nxd4 Qb6 5.Nb3 Nf6 6.Nc3 e6 7.Be3 Qc7 8.Bd3 a6
9.a4 b6 10.O-O Be7 11.f4 d6 12.Qf3 Nb4 13.e5 Bb7 14.Qg3 Nh5 15.Qf2 Nxd3 16.cxd3 dxe5
17.Bxb6 Qb8 18.fxe5 O-O 19.Rae1 g6 20.a5 Qc8 21.Nc5 Qc6 22.Nxb7 Qxb7 23.Ne4 Qd7
24.g4 f5 25.gxh5 fxe4 26.Qg3 Qxd3 27.Qxd3 exd3 28.Rd1 Rxf1+ 29.Kxf1 Rf8+
30.Kg2 Rf5 31.hxg6 hxg6 32.Bd4 Bb4 33.Rxd3 Bxa5 34.Rg3 Kf7 35.Rb3 Bd2 36.Rb7+ Kg8
37.Re7 Rf4 38.Bf2 a5 39.Rxe6 Kf7 40.Ra6 Re4 41.Bg3 a4 42.Kf3 Re3+ 43.Kf2 Re4
44.Rf6+ Kg7 45.Rd6 Bc1 46.Rd7+ Kf8 47.Rb7 Bd2 48.Rc7 Bg5 49.Kf3 Re3+ 50.Kg4 Be7
51.Rc4 Rb3 52.Rf4+ Ke8 53.Rxa4 Rxb2 54.Ra6 Rb4+ 55.Kf3 Kf7 56.Be1 Rc4 57.Bg3  1/2-1/2

[Event "10th Parsvnath Open"]
[Site "New Delhi IND"]
[Date "2012.01.15"]
[Round "2"]
[White "Nitin,S"]
[Black "Nasir Ali,S"]
[Result "1-0"]
[WhiteElo "2399"]
[BlackElo "2061"]

1.e4 c5 2.Nf3 Nc6 3.d4 cxd4 4.Nxd4 Qc7 5.Nb5 Qb8 6.Bd3 a6 7.N5c3 b5 8.Be3 e6
9.f4 Bb7 10.O-O d6 11.Qf3 Nf6 12.Qh3 Be7 13.Nd2 Nb4 14.Nf3 Nxd3 15.cxd3 Nd7
16.f5 e5 17.a3 Nf6 18.Rae1 h5 19.Kh1 a5 20.Bg5 b4 21.Nd5 Nxd5 22.exd5 f6
23.Bd2 Bxd5 24.Nh4 Bf7 25.Qg3 Kf8 26.Rc1 Qb7 27.Qh3  1-0

[Event "TCh-SVK Extraliga 2011-12"]
[Site "Slovakia SVK"]
[Date "2012.01.15"]
[Round "6"]
[White "Pagerka,M"]
[Black "Petenyi,T"]
[Result "1-0"]
[WhiteElo "2200"]
[BlackElo "2347"]

1.e4 c5 2.Nf3 Nc6 3.d4 cxd4 4.Nxd4 Qb6 5.Nb3 Nf6 6.Nc3 e6 7.Bd3 Be7 8.Be3 Qc7
9.f4 d6 10.Qe2 a6 11.O-O-O b5 12.Kb1 Bb7 13.g4 Nd7 14.Rhf1 Na5 15.e5 d5 16.Nd4 Nc5
17.f5 b4 18.fxe6 fxe6 19.Na4 Nxa4 20.Qf2 Qxe5 21.Bf4 Qf6 22.g5 Qf7 23.Qg3 Nc6
24.Be5 Qg8 25.g6 Nxd4 26.gxh7 Rxh7 27.Bg6+ Kd7 28.Bxd4 Rf8 29.Rxf8 Bxf8 30.Rf1 Bd6
31.Qg4 Rxh2 32.Bf7 Qh7 33.Qxe6+ Kc7 34.Bg6 Re2 35.Rf7+  1-0

[Event "5th Gora Swietej Anny"]
[Site "Gora Swietej Anny POL"]
[Date "2012.01.17"]
[Round "7.2"]
[White "Kulas,S"]
[Black "Dobrowolski,P"]
[Result "0-1"]
[WhiteElo "1969"]
[BlackElo "2416"]

1.Nf3 c5 2.e4 Nc6 3.d4 cxd4 4.Nxd4 Qb6 5.Nb3 Nf6 6.Nc3 e6 7.Be3 Qc7 8.a3 a6
9.Be2 b5 10.O-O d6 11.f4 Bb7 12.Bf3 Be7 13.Qe1 O-O 14.Rd1 Rfe8 15.Qf2 Rab8
16.e5 dxe5 17.Bb6 Qc8 18.Bxc6 Qxc6 19.Na5 Qxg2+ 20.Qxg2 Bxg2 21.Kxg2 Rxb6
22.fxe5 Ng4 23.Rfe1 Rc8 24.Rd7 Kf8 25.h3 Nh6 26.Re2 b4 27.Na4 Rb5 28.Nb3 bxa3
29.bxa3 Nf5 30.Rd3 Nh4+ 31.Kf1 Ng6 32.Rc3 Rxc3 33.Nxc3 Rxe5 34.a4 Rxe2 35.Kxe2 Ne5
36.Ne4 Nd7 37.Nf2 Nc5 38.Nxc5 Bxc5 39.Nd3 Be7 40.c4 Ke8 41.Kd2 g5 42.Ke3 h5
43.c5 f6 44.Kf3 Kd7 45.Ke4 Kc6 46.Kd4 a5 47.Kc4 e5 48.Nf2 Bxc5 49.Ne4 Be7
50.Nc3 f5 51.Nd5 Bd8 52.Ne3 f4 53.Nd1 g4 54.hxg4 hxg4 55.Kd3 g3 56.Ke2 g2
57.Kf2 Bb6+ 58.Kxg2 Bd4  0-1

[Event "10th Parsvnath Open"]
[Site "New Delhi IND"]
[Date "2012.01.17"]
[Round "4"]
[White "Das,Du"]
[Black "Ma Qun"]
[Result "0-1"]
[WhiteElo "2092"]
[BlackElo "2475"]

1.e4 c5 2.Nf3 Nc6 3.d4 cxd4 4.Nxd4 Qb6 5.Nb3 Nf6 6.Nc3 e6 7.Be3 Qc7 8.f3 a6
9.Qd2 d6 10.O-O-O h5 11.Qf2 b5 12.Be2 Be7 13.h3 h4 14.g4 hxg3 15.Qxg3 g6
16.a3 Bb7 17.Bxb5 axb5 18.Nxb5 Qb8 19.Bb6 Nh5 20.Qf2 O-O 21.Rhg1 Rc8 22.Qe3 Ba6
23.Nc3 Bf6 24.f4 Bxc3 25.bxc3 Nxf4 26.Qxf4 Qxb6 27.Qh6 Ne5 28.Rg3 Bb7 29.Rd4 Rxa3
30.h4 Rxb3 31.cxb3 Qxd4  0-1

[Event "10th Parsvnath Open"]
[Site "New Delhi IND"]
[Date "2012.01.17"]
[Round "4"]
[White "Konguvel,P"]
[Black "Hamid,R"]
[Result "1-0"]
[WhiteElo "2344"]
[BlackElo "1983"]

1.e4 c5 2.Nf3 Nc6 3.d4 cxd4 4.Nxd4 Qc7 5.c4 e6 6.Nc3 a6 7.Be3 Nf6 8.Rc1 Bb4
9.f3 O-O 10.a3 Bxc3+ 11.Rxc3 d5 12.cxd5 exd5 13.Nxc6 bxc6 14.exd5 Rd8 15.Bc4 Be6
16.Bg5 Qe5+ 17.Qe2 Qxg5 18.dxe6 fxe6 19.O-O Kh8 20.f4 Qc5+ 21.Qe3 Qxe3+ 22.Rxe3 Rd2
23.Rxe6 Rxb2 24.Rd1 Rb6 25.h3 h6 26.Rdd6 Rc8 27.g4 a5 28.Kf2 Rb2+ 29.Kf3 Rc2
30.Ba6 Rc3+ 31.Re3 Rxe3+ 32.Kxe3 Re8+ 33.Kf3 Rb8 34.Bc4 Rc8 35.h4 Nd5 36.g5 hxg5
37.hxg5 Ne7 38.g6 Rf8 39.Bf7 Rc8 40.Ke4 c5 41.Rd1 Ng8 42.Rh1+ Nh6 43.f5 c4
44.Be6 Rd8 45.Rc1 Ng4 46.Rh1+ Nh6 47.Rc1 Ng4 48.Rxc4 Ra8 49.Kf4 Nh6 50.Kg5 Rb8
51.Rc5 Ng8 52.Rxa5 Nf6 53.Ra4 Ne4+ 54.Rxe4 Rb4 55.Bc4  1-0

[Event "12th ch-CRO"]
[Site "Opatija CRO"]
[Date "2012.01.25"]
[Round "9.3"]
[White "Zelcic,R"]
[Black "Jankovic,A"]
[Result "1-0"]
[WhiteElo "2558"]
[BlackElo "2568"]

1.e4 c5 2.Nf3 Nc6 3.d4 cxd4 4.Nxd4 Qb6 5.Nb3 Nf6 6.Nc3 e6 7.Bd3 a6 8.O-O d6
9.Kh1 Be7 10.f4 Qc7 11.Bd2 b5 12.Qe2 Bb7 13.Rae1 O-O 14.Rf3 b4 15.Na4 e5
16.f5 Rfe8 17.Rh3 a5 18.Be3 Rab8 19.Nb6 Nd4 20.Nxd4 Qxb6 21.Nb5 Qc6 22.Bg5 Nxe4
23.Bxe7 Rxe7 24.Na7 Qd5 25.Bxe4 Qxe4 26.Qxe4 Bxe4 27.Rxe4 Rxa7 28.Reh4 f6
29.Rxh7 Kf7 30.Rg3 Kg8 31.Rgh3 Kf7 32.Rg3 Rg8 33.h4 Rc7 34.h5 Rc4 35.Rg6 Rf4
36.h6 Rxf5 37.Rhxg7+ Rxg7 38.Rxg7+ Kf8 39.Kg1 Rh5 40.Rd7 Rxh6 41.Rxd6 Ke7
42.Ra6 Rh4 43.Rxa5 Rc4 44.Ra4 Rxc2 45.Rxb4 Kd6 46.a4 Kc5 47.Rb7 Kd4 48.a5 e4
49.a6 e3 50.Rd7+ Ke4 51.a7 Rc1+ 52.Kh2 Ra1 53.Kg3 e2 54.Re7+ Kd3 55.a8=Q Rxa8
56.Kf2 Rg8 57.Re3+ Kc4 58.Rxe2 Kb3 59.Kf3 Rg6 60.Kf4 Rg5 61.g4 Kc4 62.Re6 Rg6
63.Re3 Kd5 64.b4 Kc4 65.Re4+ Kd5 66.Kf5 Rg8 67.Rf4 Rf8 68.b5 Rb8 69.Kxf6 Rb6+
70.Kg5  1-0

[Event "12th ch-CRO"]
[Site "Opatija CRO"]
[Date "2012.01.27"]
[Round "11.2"]
[White "Zelcic,R"]
[Black "Kozul,Z"]
[Result "1-0"]
[WhiteElo "2558"]
[BlackElo "2601"]

1.e4 c5 2.Nf3 Nc6 3.d4 cxd4 4.Nxd4 Qb6 5.Nb3 Nf6 6.Nc3 e6 7.Bd3 a6 8.O-O d6
9.Kh1 Qc7 10.f4 Be7 11.Qf3 O-O 12.Bd2 b5 13.Rae1 b4 14.Ne2 a5 15.Nbd4 Ba6
16.e5 Nxd4 17.Nxd4 dxe5 18.fxe5 Bxd3 19.exf6 Bxf1 20.fxe7 Bxg2+ 21.Qxg2 Qxe7
22.Nc6 Qd7 23.Bh6 f6 24.Rg1 Rfc8 25.Qxg7+ Qxg7 26.Rxg7+ Kh8 27.Ne7 Rf8 28.Kg2 f5
29.Rg3 Rf7 30.Bf4 h5 31.Nc6 Kh7 32.Re3 Rg7+ 33.Kf3 Rg1 34.Rd3 Rf1+ 35.Ke3 Rg8
36.Rd7+ Rg7 37.Rxg7+ Kxg7 38.Be5+ Kg6 39.Ke2 Rh1 40.Kf3 Re1 41.Bd4 Re4 42.b3 Kf7
43.c4 bxc3 44.Bxc3 a4 45.b4 Ke8 46.Ne5 Kd8 47.b5 Kc7 48.Ba5+ Kb7 49.Nf7 Kb8
50.Nd8 a3 51.b6 Rc4 52.Bb4  1-0

[Event "ch-TUR w 2012"]
[Site "Kemer TUR"]
[Date "2012.01.28"]
[Round "4"]
[White "Tulay,S"]
[Black "Cemhan,K"]
[Result "1/2-1/2"]
[WhiteElo "1807"]
[BlackElo "1952"]

1.e4 c5 2.Nf3 Nc6 3.d4 cxd4 4.Nxd4 Qc7 5.Nc3 e6 6.Be3 a6 7.Be2 Nf6 8.f4 Bb4
9.Qd3 d5 10.e5 Ne4 11.Bf3 Nxc3 12.bxc3 Be7 13.Nxc6 Qxc6 14.O-O g6 15.c4 Bc5
16.cxd5 Bxe3+ 17.Qxe3 exd5 18.Rfd1 Be6 19.Qd4 Rd8 20.Rac1 b5 21.Rd2 O-O 22.Rcd1 Rd7
23.g4 Rfd8 24.Rg2 Kf8 25.Kh1 Qc4 26.Qd2 d4 27.f5 Bd5 28.Qh6+ Ke8 29.Qxh7 Bxf3
30.Qh8+ Ke7  1/2-1/2

[Event "TCh-HUN 2011-12"]
[Site "Decs HUN"]
[Date "2012.01.29"]
[Round "5"]
[White "Straubinger,D"]
[Black "Emodi,B"]
[Result "1/2-1/2"]
[WhiteElo "2226"]
[BlackElo "2359"]

1.e4 c5 2.Nf3 Nc6 3.d4 cxd4 4.Nxd4 Qb6 5.Nb3 Nf6 6.Nc3 e6 7.Be2 Bb4 8.Be3 Qc7
9.f3 d5 10.O-O Bxc3 11.bxc3 O-O 12.Bg5 Qe5 13.Bxf6 Qxf6 14.exd5 exd5 15.Qxd5 Qxc3
16.Qc5 Qxc5+ 17.Nxc5 b6 18.Nb3 Bf5 19.c3  1/2-1/2

[Event "TCh-HUN 2011-12"]
[Site "Mako HUN"]
[Date "2012.01.29"]
[Round "5"]
[White "Farkas,Ti"]
[Black "Horvath,Ju"]
[Result "1-0"]
[WhiteElo "2255"]
[BlackElo "2211"]

1.e4 c5 2.Nf3 Nc6 3.d4 cxd4 4.Nxd4 Qc7 5.Nc3 a6 6.Nd5 Qe5 7.Ne2 Qd6 8.Nec3 e6
9.Bf4 e5 10.Be3 Be7 11.Qg4 Kf8 12.O-O-O h5 13.Qf3 Nd4 14.Bxd4 exd4 15.Rxd4 Bg5+
16.Kb1 Qe5 17.Qd1 Rh6 18.Bc4 b5 19.Bb3 Bf6 20.Rd3 Bd8 21.f4 Qb8 22.e5 Ne7
23.Ne4 Nf5 24.Ne3 Nxe3 25.Rxe3 Bb6 26.Rd3 a5 27.Nd6 a4 28.Bd5 Ra7 29.Nxf7 Rh7
30.Be4 Kxf7 31.Bxh7 g6 32.Rd6 Qb7 33.Bxg6+  1-0

[Event "ch-TUR 2012"]
[Site "Kemer TUR"]
[Date "2012.01.31"]
[Round "5"]
[White "Caner,Resul"]
[Black "Haznedaroglu,K"]
[Result "0-1"]
[WhiteElo "1961"]
[BlackElo "2455"]

1.e4 c5 2.Nf3 Nc6 3.d4 cxd4 4.Nxd4 Qb6 5.Nb3 Nf6 6.Nc3 e6 7.a3 Be7 8.Be3 Qc7
9.f4 d6 10.Be2 a6 11.O-O b5 12.Qd2 O-O 13.f5 Ne5 14.Nd4 Bd7 15.Kh1 Rac8 16.Bf4 Qb7
17.fxe6 fxe6 18.Bxe5 dxe5 19.Nf3 Qb8 20.Rad1 a5 21.Qg5 Bd6 22.Qd2 Bc7 23.b4 axb4
24.axb4 Bd8 25.Qd3 Rc4 26.Qe3 Bb6 27.Qd3 Rfc8  0-1

[Event "Moscow Open 2012 A"]
[Site "Moscow RUS"]
[Date "2012.01.31"]
[Round "4.53"]
[White "Kerigan,D"]
[Black "Balashov,Y"]
[Result "0-1"]
[WhiteElo "2184"]
[BlackElo "2442"]

1.e4 c5 2.Nf3 Nc6 3.d4 cxd4 4.Nxd4 Qb6 5.Nb3 Nf6 6.Nc3 e6 7.Be3 Qc7 8.Bd3 a6
9.f4 d6 10.O-O b5 11.Qf3 Rb8 12.Qg3 h5 13.Rae1 h4 14.Qh3 Be7 15.g4 b4 16.Ne2 e5
17.f5 Nh7 18.Qg2 Bg5 19.Qf2 Bxe3 20.Qxe3 Qb6 21.Qxb6 Rxb6 22.Nd2 Na5 23.a3 Ng5
24.axb4 Rxb4 25.Ra1 Nc6 26.Nc3 O-O 27.Nd5 Rxb2 28.Nc4 Rb8 29.Nxd6 Rd8 30.Nxc8 Rdxc8
31.Rxa6 Kh7 32.Rb6 Nd4 33.Rxb8 Rxb8 34.Kg2 Rc8 35.Rf2 Rc5 36.c3 Nb5 37.Rc2 Nd6
38.Re2 Kh6 39.c4 Ra5 40.Nc3 Ra3 41.Rc2 Nb7 42.Kf2 Nc5 43.Ke3 Nh3 44.Be2 Nf4
45.Bf3 Kg5 46.Kd2 h3 47.Ra2 Rb3 48.Kc2 Nfd3 49.Kd2 Nb4 50.Ra7 Rb2+ 51.Kd1 Rxh2
52.Rxf7 Kf4 53.f6 gxf6 54.Rxf6+ Ke3 55.Nd5+ Nxd5 56.cxd5 Nd3  0-1

[Event "Gibraltar Open"]
[Site "Caleta ENG"]
[Date "2012.02.02"]
[Round "10.33"]
[White "Kuipers,S"]
[Black "Arnold,Mar"]
[Result "1/2-1/2"]
[WhiteElo "2391"]
[BlackElo "2482"]

1.e4 c5 2.Nf3 Nc6 3.d4 cxd4 4.Nxd4 Qb6 5.Nb3 Nf6 6.Nc3 e6 7.Qe2 Bb4 8.Bd2 O-O
9.e5 Ne8 10.a3 Be7 11.O-O-O Qc7 12.f4 a6 13.Qh5 d6 14.Bd3 g6 15.exd6 Nxd6
16.Qf3 f5 17.g4 b5 18.gxf5 Nxf5 19.Qe4 Rb8 20.Kb1 Bd7 21.Rhe1 b4 22.axb4 Nxb4
23.Bc4 Rb6 24.Na2 Rf7 25.Nxb4 Bxb4 26.Bxb4 Rxb4 27.Qa8+ Kg7 28.Bxe6 Bxe6
29.Rxe6 Rxf4 30.Rc6 Qe5 31.Nc5 Qe2 32.Ne6+ Kh6 33.Qd8 Rg4 34.Qd2+ Qxd2 35.Rxd2 a5
36.c4 Re4 37.Rd3 Kh5 38.Nd8 Rfe7 39.Rc5 a4 40.Nc6 Rc7 41.Rdd5 Kh4 42.Ne5 Rxc5
43.Rxc5 Kh3 44.Nf3 Kg2 45.Ng5 Re7 46.Rc6 Kxh2 47.Nxh7 Rxh7 48.Rxg6 Rc7 49.Rb6 Rxc4
50.b3 axb3 51.Rxb3 Kg2 52.Kb2 Kf2 53.Rc3 Rd4 54.Kb3 Ne3 55.Rc8 Ke2 56.Kc3 Rd3+
57.Kb4 Nd5+ 58.Kb5 Rb3+ 59.Ka4 Rb7 60.Rd8 Nf4 61.Ka5 Ke3 62.Rd6 Ke4 63.Rb6 Rc7
64.Rh6 Kd4 65.Rh4 Kc5 66.Ka4 Ne2 67.Kb3 Kd5 68.Rh5+ Kd4 69.Rh4+ Ke5 70.Rh5+ Ke4
71.Rh4+ Nf4 72.Rh8 Ng6 73.Rh1 Ne5 74.Rh4+ Kd5 75.Rh5 Rg7 76.Kc3 Rg3+ 77.Kb4 Rf3
78.Rg5 Rh3 79.Rf5  1/2-1/2

[Event "Moscow Open 2012 A"]
[Site "Moscow RUS"]
[Date "2012.02.02"]
[Round "6.24"]
[White "Predke,A"]
[Black "Khairullin,I"]
[Result "0-1"]
[WhiteElo "2467"]
[BlackElo "2638"]

1.e4 c5 2.Nf3 Nc6 3.d4 cxd4 4.Nxd4 Qb6 5.Nb3 Nf6 6.Nc3 e6 7.Bd3 Be7 8.O-O O-O
9.Be3 Qc7 10.f4 d6 11.g4 Nd7 12.g5 Re8 13.e5 dxe5 14.f5 exf5 15.Rxf5 Nf8
16.Rxf7 Kxf7 17.Bc4+ Be6 18.Qg4 Nd4 19.Rf1+ Kg8 20.Bd5 Bc5  0-1

[Event "Moscow Open 2012 A"]
[Site "Moscow RUS"]
[Date "2012.02.03"]
[Round "7.56"]
[White "Obolenskikh,D"]
[Black "Ageichenko,G"]
[Result "1-0"]
[WhiteElo "2510"]
[BlackElo "2344"]

1.e4 c5 2.Nf3 Nc6 3.d4 cxd4 4.Nxd4 Qb6 5.Nb3 Nf6 6.Nc3 e6 7.Qe2 d6 8.Be3 Qc7
9.g4 h6 10.O-O-O a6 11.f4 b5 12.a3 Bb7 13.Bg2 Nd7 14.Qf2 Na5 15.Nxa5 Qxa5
16.Kb1 Rc8 17.Rhe1 Be7 18.h4 b4 19.axb4 Qxb4 20.Rd4 Qa5 21.Ra4 Qc7 22.g5 hxg5
23.hxg5 Qb8 24.Bf1 Rxc3 25.bxc3 Bxe4+ 26.Rb4 Qa8 27.Bd3 d5 28.Rb3 a5 29.Bd4 a4
30.Rb2 f6 31.Bxe4 dxe4 32.gxf6 gxf6 33.Qg2 a3 34.Rb3 Nf8 35.Rxe4 a2+ 36.Ka1 Kf7
37.Rb2 Ng6 38.Rxa2 Qd5 39.Ra7 Ra8 40.Qh1 Kg7 41.Rxa8 Qxa8+ 42.Kb1 Qb8+ 43.Kc1 Bd6
44.Rxe6 Bxf4+ 45.Be3 Qa7 46.Qe4 Qa1+ 47.Kd2 Bxe3+ 48.Qxe3 Ne5 49.Qf4  1-0

[Event "Moscow Open A 2012"]
[Site "Moscow RUS"]
[Date "2012.02.04"]
[Round "8"]
[White "Kokarev,Dm"]
[Black "Inarkiev,E"]
[Result "1/2-1/2"]
[WhiteElo "2618"]
[BlackElo "2689"]

1.e4 c5 2.Nf3 Nc6 3.d4 cxd4 4.Nxd4 Qb6 5.Nb3 Nf6 6.Nc3 e6 7.Bd3 d6 8.O-O a6
9.Qe2 Be7 10.Kh1 Qc7 11.Bd2 O-O 12.f4 b5 13.a4 b4 14.Nd1 Bb7 15.Nf2 Rfe8
16.Rae1 Bf8 17.Nh3 g6 18.Ng5 Bg7 19.Qf2 Re7 20.Qh4 h6 21.Nf3 Rae8 22.Bc1 Qd8
23.e5 Nd5 24.Nbd2 Rd7 25.Qg3 Nde7 26.Qf2 Nf5 27.Kg1 dxe5 28.fxe5 Qc7 29.Nc4 Red8
30.b3 Rxd3 31.cxd3 Rxd3 32.Qc2 Rc3 33.Qd1 Na5 34.Nxa5 Qxa5 35.Rf2 Bd5 36.Bb2 Rxb3
37.Nd4 Rxb2 38.Rxb2 Qc5 39.Rd2 Nxd4 40.Rxd4 Bb3 41.Qd2 Bxe5 42.Rxe5 Qxe5
43.Rxb4 Qa1+ 44.Kf2 Bxa4 45.Qxh6 Bb5 46.Qd2 Qf1+ 47.Kg3 e5 48.Rh4 Kg7 49.Qe3 Qf5
50.Rb4 g5 51.Qd2 f6 52.h4 gxh4+ 53.Rxh4 Bd7 54.Rc4 Kg6 55.Rc7 Qg4+ 56.Kh2 Bf5
57.Ra7 Qh4+ 58.Kg1 Qc4 59.Qe3 Bg4 60.Kh2 Kf5  1/2-1/2